Pieter Bruegel the elder (Record no. 5190)

MARC details
000 -CABECERA
campo de control de longitud fija 00816nam a2200253 a 4500
001 - NÚMERO DE CONTROL
campo de control BRCA_5496
005 - FECHA Y HORA DE LA ÚLTIMA TRANSACCIÓN
campo de control 20190320205114.0
008 - DATOS DE LONGITUD FIJA--INFORMACIÓN GENERAL
campo de control de longitud fija 020211s1937----fr-a######---#000-0#eng-#
041 ## - CÓDIGO DE LENGUA
Código de lengua del texto/banda sonora o título independiente eng
044 ## - CÓDIGO DEL PAÍS DE LA ENTIDAD EDITORA/PRODUCTORA
Código MARC del país fr
050 #4 - SIGNATURA TOPOGRÁFICA DE LA BIBLIOTECA DEL CONGRESO
Número de clasificación ND673.B7
Número de documento/Ítem .G58 1937
100 1# - ENTRADA PRINCIPAL--NOMBRE DE PERSONA
Nombre de persona Gluck, Gustav
9 (RLIN) 13624
245 10 - MENCIÓN DE TÍTULO
Título Pieter Bruegel the elder
Mención de responsabilidad, etc. Gustav Gluck ; edited by André Gloeckner ; translated from the German by Eveline Byam Shaw.
260 ## - PUBLICACIÓN, DISTRIBUCIÓN, ETC.
Lugar de publicación, distribución, etc. París
Nombre del editor, distribuidor, etc. Hyperion
Fecha de publicación, distribución, etc. 1937
300 ## - DESCRIPCIÓN FÍSICA
Extensión 34 p.
Otras características físicas il. (algunas a color), 63 láminas
Dimensiones 32 cm.
500 ## - NOTA GENERAL
Nota general Incluye lista de obras
500 ## - NOTA GENERAL
Nota general E172
600 14 - PUNTO DE ACCESO ADICIONAL DE MATERIA--NOMBRE DE PERSONA
Nombre de persona Bruegel, Pieter
Títulos y otros términos asociados al nombre El viejo
Fechas asociadas al nombre 1525-1569
9 (RLIN) 13436
650 14 - PUNTO DE ACCESO ADICIONAL DE MATERIA--TÉRMINO DE MATERIA
Término de materia o nombre geográfico como elemento de entrada Pintores flamencos
9 (RLIN) 7571
700 1# - PUNTO DE ACCESO ADICIONAL--NOMBRE DE PERSONA
Nombre de persona Gloeckner, André
Término indicativo de función/relación Editor
9 (RLIN) 14045
700 1# - PUNTO DE ACCESO ADICIONAL--NOMBRE DE PERSONA
Nombre de persona Byam Shaw, Eveline
Término indicativo de función/relación Traductora
9 (RLIN) 14046
902 ## - CATALOGADOR
Iniciales GFM
942 ## - ELEMENTOS DE PUNTO DE ACCESO ADICIONAL (KOHA)
Fuente del sistema de clasificación o colocación Library of Congress Classification
Tipo de ítem Koha Libros
Holdings
Estado de retiro Estado de pérdida Estado dañado No para préstamo Localización permanente Ubicación/localización actual Fecha de adquisición Número de inventario Total de préstamos Signatura topográfica completa Código de barras Fecha visto por última vez Precio válido a partir de Tipo de ítem Koha
El ejemplar forma parte de la colección y puede ser consultado según las políticas vigentes.       Biblioteca del Museo Franz Mayer (Rogerio Casas-Alatriste) Biblioteca del Museo Franz Mayer (Rogerio Casas-Alatriste) 02/02/2011 E172   ND673.B7 .G58 1937 (E172) 5932 22/03/2019 22/03/2019 Libros